| 000 | 00790nam a22002177a 4500 | ||
|---|---|---|---|
| 999 |
_c20329 _d20329 |
||
| 003 | AR-CdUCM | ||
| 008 | 190528b ||||| |||| 00| 0 spa d | ||
| 020 | _a968-816-015-6 | ||
| 040 |
_aMUNICIPALIDAD PROVINCIAL DEL CUSCO _cBIBLIOTECA MUNICIPAL DEL CUSCO |
||
| 082 |
_a923.2 / _bSI52 |
||
| 100 |
_aSierra Brabatta, Carlos J _92990 |
||
| 245 | _aInmortalidad de Morelos / | ||
| 260 |
_aMéxico : _bTalleres Gráficos de la Nación, _c1983. |
||
| 300 |
_a178 páginas ; _c22 cm. |
||
| 500 | _aDepartamento del distrito federal | ||
| 505 | _aContenido : Bustamante y el culto a Morelos -- En el triunfo un laurel a su memoria -- Vigor y huella de un congreso... | ||
| 650 |
_aRecuerdos de Morelos _942507 |
||
| 650 |
_aLa vida de Morelos _942508 |
||
| 942 |
_2ddc _cLIBROS |
||
| 945 | _aandy | ||